000 00312nam a22001337a 4500
008 170602b xxu||||| |||| 00| 0 eng d
020 _a0382241878
041 _aeng
080 _a94(7/8)
100 _a17
101 _aSHH
245 _aAMERICNA HERITAGE HISTORY BILL RIGHT
_cBURGER.W.E
942 _2udc
_cBK
999 _c15574
_d15574